| 000 | 00386nam a22001457a 4500 | ||
|---|---|---|---|
| 003 | OSt | ||
| 005 | 20160727222407.0 | ||
| 008 | 160624b xxu||||| |||| 00| 0 eng d | ||
| 040 | _cTEST | ||
| 100 |
_9896 _aDr.Kher, N. N ., et al |
||
| 245 | _aLandmarks in the History of Mankind | ||
| 260 |
_aNEW DELHI _bPILANE BAR _c1993 |
||
| 300 | _aLandmarks in the History of Mankind | ||
| 942 |
_2ddc _cBK |
||
| 999 |
_c711 _d711 |
||